| 000 -LEADER |
| fixed length control field |
00541nam a2200157 4500 |
| 008 - FIXED-LENGTH DATA ELEMENTS--GENERAL INFORMATION |
| fixed length control field |
190906b ||||| |||| 00| 0 eng d |
| 100 ## - MAIN ENTRY--PERSONAL NAME |
| Personal name |
Kumar, Dhananjay |
| 245 ## - TITLE STATEMENT |
| Title |
Caste hierarchy and new agro-technological practices: some anthropological thoughts on Western Uttar Pradesh |
| 260 ## - PUBLICATION, DISTRIBUTION, ETC. (IMPRINT) |
| Date of publication, distribution, etc |
2019 |
| 300 ## - PHYSICAL DESCRIPTION |
| Extent |
p.55-70. |
| 650 ## - SUBJECT ADDED ENTRY--TOPICAL TERM |
| Topical term or geographic name as entry element |
Caste - India - Uttar Pradesh |
| 9 (RLIN) |
9973 |
| 700 ## - ADDED ENTRY--PERSONAL NAME |
| Personal name |
Mishra, Nihar Ranjan |
| 9 (RLIN) |
9974 |
| 773 ## - HOST ITEM ENTRY |
| Main entry heading |
Parliamentary Affairs |
| 906 ## - LOCAL DATA ELEMENT F, LDF (RLIN) |
| Subject DIP |
Agricultural technology - India - Uttar Pradesh |
| 942 ## - ADDED ENTRY ELEMENTS (KOHA) |
| Source of classification or shelving scheme |
|
| Item type |
Articles |